Normal view
MARC view
- OLSON,DAVID
Entry Personal Name
001 - CONTROL NUMBER
- control field: 111045
003 - CONTROL NUMBER IDENTIFIER
- control field: NUST
005 - DATE AND TIME OF LATEST TRANSACTION
- control field: 20230322112035.0
008 - FIXED-LENGTH DATA ELEMENTS
- fixed length control field: 230322|| aca||aabn | a|a d
040 ## - CATALOGING SOURCE
- Original cataloging agency: NUST
- Transcribing agency: NUST
100 ## - HEADING--PERSONAL NAME
- Personal name: OLSON,DAVID
670 ## - SOURCE DATA FOUND
- Source citation: Work cat.: (NUST): OLSON,DAVID., INTRODUCTION TO BUSINESS DATA MINING /, 2007.
